| 000 | 00581nam a2200193 i 4500 | ||
|---|---|---|---|
| 001 | 133731 | ||
| 003 | ES-MaACL | ||
| 005 | 20250502063014.0 | ||
| 007 | t| | ||
| 008 | 070827s1946 sp ||||1| spa d | ||
| 100 | 1 |
_aWoolf, Virginia, _d1882-1941 _9240179 |
|
| 245 | 1 | 4 |
_aLos años / _cVirginia Woolf ; [traducción del inglés por Pedro Fraga de Porto]. |
| 250 | _a[1ª ed.]. | ||
| 260 |
_aBarcelona : _bLauro, _c1946. |
||
| 300 |
_a318 p. ; _c20 cm. |
||
| 700 | 1 |
_aFraga de Porto, Pedro. _952071 |
|
| 852 |
_aES-MaACL _jB-10785 _bR.22453 |
||
| 999 |
_c133731 _d133731 |
||